Trenerzy FC Barcelony od 1991 - Statystyki

Ogólne statystyki
  • Ten quiz został rozwiązany 801 razy
    286 od ostatniego zresetowania
  • Średni wynik to 9 z 17
Statystyki odpowiedzi
Okres Trener % Poprawnych
2024- Hansi Flick
97%
2021-2024 Xavi
97%
2008-2012 Pep Guardiola
95%
2020-2021 Ronald Koeman
82%
2014-2017 Luis Enrique
81%
2017-2020 Ernesto Valverde
68%
2003-2008 Frank Rijkaard
57%
1988-1996 Johan Cruijff
57%
2012-2013 Tito Vilanova
56%
2020 Quique Setién
54%
2013-2014 Gerardo Martino
38%
1997-2000 Louis van Gaal
38%
2002-2003 Louis van Gaal
38%
1996-1997 Bobby Robson
11%
2003 Radomir Antić
8%
2001-2002 Carles Rexach
7%
2000-2001 Llorenç Serra Ferrer
3%
Nie znaleziono quizów pasujących do podanych kryteriów
Rozkład punktacji
Procent ludzi z każdym wynikiem
Percentyl według liczby udzielonych odpowiedzi
Twoja historia wyników
Nie rozwiązałeś tego quizu od ostatniego zresetowania